Movies Quiz

Random Movies or Disney Quiz

Taciturn Disney Characters Quiz Stats

Quiz Updated Nov 23, 2016

Challenge
Share
Tweet
Embed
Score 0/33 Timer 10:00
4 Plays Today
% Correct
Magic Carpet
70.6%
Pluto
68.7%
Pegasus
68.4%
Dopey
67.6%
Tinker Bell
65.1%
Meeko
64.8%
Rajah
63.1%
Dumbo
62.6%
Jack-Jack
62.3%
Nana
59.4%
Bullseye
59.2%
Lucifer
58.6%
Figaro
54.8%
Pascal
54.8%
Cri-kee
53.8%
Headless Horseman
53.3%
Sven
51.4%
% Correct
Maximus
51.1%
Monstro
50.2%
Cleo
48.1%
Dinah
45.4%
Bruno
42.1%
Percy
41.5%
Kevin
40.4%
RC
36.2%
Evinrude
34.2%
Samson
32.8%
Yensid
32.5%
Bongo
29.9%
Joanna
28.9%
Gideon
28.3%
Khan
27%
Marahute
25.9%

You're not logged in!

Compare scores with friends on all Sporcle quizzes.
Sign Up with Email
OR
Log In

You Might Also Like...

Show Comments

Extras

Top Quizzes Today


Score Distribution

Your Account Isn't Verified!

In order to create a playlist on Sporcle, you need to verify the email address you used during registration. Go to your Sporcle Settings to finish the process.